Текст томруулах:    
Accounting principles (Бичлэгийн дугаар. 145967)
000 -УДИРДЛАГА
Удирдлага 00976nam a22003137a 4500
003 - ХЯНАЛТЫН ТОО ТОДОРХОЙЛОГЧ
Код MN-UlNUM
005 - БИЧИЛТ ХИЙСЭН ОГНОО
Тухайн бичилтийг бичсэн засварласан сүүлийн огноо 20251218144752.0
008 - ЕРӨНХИЙ МЭДЭЭЛЭЛ
Ерөнхий мэдээлэл 251218s1993 nyua|||| |||| 00| 0 eng |
020 ## - ISBN
ISBN 0070591830
040 ## - БИЧЛЭГ ҮҮСГЭГЧ БАЙГУУЛЛАГА
Бичлэг үүсгэгч номын сангийн код МУИС-ийн номын сан
084 ## - ББК АНГИЛАЛ
Нэмэлт тусгалт Бусад
ББК ангилал 65.290-2
Зохиогчийн гурван тэмдэгт S 68
Мэдлэгийн ялгаа 65 - Эдийн засаг
100 1# - ЗОХИОГЧ
Зохиогчийн нэр Smith, Jack L.
245 10 - ҮНДСЭН ГАРЧИГ
Номын нэр Accounting principles
Оролцогчдын тухай мэдээ Jack L. Smith, Robert M. Keith, William L. Stephens.
250 ## - ДАХИН ХЭВЛЭЛТ
Дахин гаралтын дугаар 4th ed.
260 ## - ГАРАЛТЫН МЭДЭЭ
Хэвлэгдсэн газар New York :
Хэвлэлийн газар McGraw-Hill,
Хэвлэгдсэн он 1993.
300 ## - МАТЕРИАЛЫН ТОДОРХОЙЛОЛТ
хуудасны тоо xxx, 1314, [12] p.:
Бусад тоон мэдээлэл col. ill. ;
Хэмжээ 29 cm.
500 ## - Тайлбар
Дансны дугаар БС 4622, 4627
546 ## - ХЭЛНИЙ ТУХАЙ МЭДЭЭ
Хэл Англи хэл дээр,
653 ## - Түлхүүр үг
Түлхүүр үг accounting
700 1# - ХАМ ЗОХИОГЧИД
Ба бус Keith, Robert M.,
700 1# - ХАМ ЗОХИОГЧИД
Ба бус Stephens, William L.
740 ## - НОМЫН ГАРЧИГ
Гарчиг The Environment and structure of accounting
740 ## - НОМЫН ГАРЧИГ
Гарчиг The accounting information system
740 ## - НОМЫН ГАРЧИГ
Гарчиг Accounting for assets and current liabilities
740 ## - НОМЫН ГАРЧИГ
Гарчиг Accounting for partnerships and corporations
740 ## - НОМЫН ГАРЧИГ
Гарчиг Using financial statements
942 ## - ЭЛЕМЕНТИЙН ТӨРӨЛ
Зүйлийн төрөл Ном